[Event "Reunion op 07th"]
[Site "Reunion"]
[Date "2004.10.14"]
[Round "7"]
[White "Gilles de la Londe, Jean Francois"]
[Black "Dojic, Miroslav"]
[Result "0-1"]
[WhiteElo "1720"]
[BlackElo "1882"]
[PlyCount "116"]
[EventDate "2004.10.09"]
[EventType "swiss"]
[EventRounds "9"]
[EventCountry "RUF"]
[SourceTitle "CBM 102 Extra"]
[Source "ChessBase"]
[SourceDate "2004.11.03"]
[SourceVersion "1"]
[SourceVersionDate "2004.11.03"]
[SourceQuality "1"]

1. d4 Nf6 2. c4 e6 3. Nc3 d5 4. cxd5 exd5 5. Bg5 Nbd7 6. Nxd5 Nxd5 7. Bxd8 Bb4+ 8. Qd2 Bxd2+ 9. Kxd2 Kxd8 10. e4 N5f6 11. f3 Ke7 12. Bc4 Rd8 13. Ne2 c6 14. Rhe1 Nb6 15. Bb3 a5 16. a3 Be6 17. Bxe6 Kxe6 18. Kc3 Na4+ 19. Kb3 b5 20. Rac1 Rac8 21. Nf4+ Ke7 22. Red1 Nb6 23. Kc3 c5 24. d5 b4+ 25. Kb3 a4+ 26. Ka2 b3+ 27. Kb1 Ne8 28. e5 g5 29. d6+ Kd7 30. Nd3 c4 31. Nf2 Rc5 32. Re1 Rd5 33. Ng4 Rd2 34. Nh6 Ke6 35. g3 Rxh2 36. Ng4 Rg2 37. Rh1 Rxg3 38. Rxh7 Rxf3 39. Rd1 Nd5 40. Rh6+ Kf5 41. Nh2 Re3 42. Rf1+ Ke4 43. e6 Nxd6 44. exf7 Nxf7 45. Re6+ Kd4 46. Rd1+ Kc5 47. Rxe3 Nxe3 48. Re1 Rd1+ 49. Rxd1 Nxd1 50. Kc1 Ne3 51. Kd2 Nd5 52. Ng4 Kd4 53. Kc1 c3 54. bxc3+ Nxc3 55. Nf2 Ne5 56. Kb2 Nd3+ 57. Nxd3 Kxd3 58. Kc1 g4 0-1

[Event "Reunion op 07th"]
[Site "Reunion"]
[Date "2004.10.13"]
[Round "5"]
[White "Hoareau, Hugues"]
[Black "Dojic, Miroslav"]
[Result "1-0"]
[WhiteElo "2088"]
[BlackElo "1882"]
[PlyCount "48"]
[EventDate "2004.10.09"]
[EventType "swiss"]
[EventRounds "9"]
[EventCountry "RUF"]
[SourceTitle "CBM 102 Extra"]
[Source "ChessBase"]
[SourceDate "2004.11.03"]
[SourceVersion "1"]
[SourceVersionDate "2004.11.03"]
[SourceQuality "1"]

1. e4 e5 2. f4 Nc6 3. Nf3 d5 4. exd5 Qxd5 5. Nxe5 Nxe5 6. Qe2 Bf5 7. Nc3 Qc5 8. fxe5 0-0-0 9. d3 Re8 10. Bf4 Nh6 11. h3 Qb4 12. Qd2 f6 13. 0-0-0 fxe5 14. Re1 Nf7 15. g4 Bd7 16. Be3 Bc6 17. Bg2 Nd8 18. Rhf1 Qa5 19. Bxc6 Nxc6 20. a3 Be7 21. Ne4 Qb5 22. Qc3 Bh4 23. Rd1 Rd8 24. Rf7 Nd4 1-0